Kraje w Europie - Statystyki

Ogólne statystyki
  • Ten quiz został rozwiązany 729 razy
  • Średni wynik to 10 z 16
Answers on the Grid
Answers color-coded by a green-red scale on the quiz's grid according to % correct below.
egipt
arabia
polska
niemcy
francja
turcja
mongolia
usa
chiny
hiszpania
portugalia
wielka brytania
armenia
gruzja
grecja
irak
katar
włochy
ukraina
iran
watykan
vanuatu
australia
brazylia
szwecja
kanada
norwegia
argentyna
kazachstan
węgry
 
Statystyki odpowiedzi
Odpowiedź % Poprawnych
polska
89%
francja
87%
niemcy
84%
hiszpania
80%
portugalia
75%
wielka brytania
73%
grecja
70%
włochy
68%
ukraina
66%
turcja
62%
szwecja
60%
watykan
60%
węgry
60%
norwegia
56%
gruzja
40%
kazachstan
15%
Nie znaleziono quizów pasujących do podanych kryteriów
Rozkład punktacji
Procent ludzi z każdym wynikiem
Percentyl według liczby udzielonych odpowiedzi
Twoja historia wyników
Nie rozwiązałeś tego quizu